书目信息 |
| 题名: |
贝聿铭全集
|
|
| 作者: | 斯特朗 , 朱迪狄欧 主编 ;李佳洁 , 郑小东 译 | |
| 分册: | ||
| 出版信息: | 北京 电子工业出版社 2015.04 |
|
| 页数: | 367页 | |
| 开本: | 28cm | |
| 丛书名: | ||
| 单 册: | ||
| 中图分类: | TU-867.12 | |
| 科图分类: | ||
| 主题词: | 建筑艺术--jian zhu yi shu--研究--美国--现代 | |
| 电子资源: | ||
| ISBN: | 978-7-121-20945-1 | |
| 000 | 01642nam0 2200325 450 | |
| 001 | CAL 012015076326 | |
| 005 | 20150828160709.48 | |
| 010 | @a978-7-121-20945-1@dCNY99.00 | |
| 100 | @a20150618d2015 em y0chiy50 ea | |
| 101 | 2 | @achi@ceng |
| 102 | @aCN@b110000 | |
| 105 | @aa z 000yy | |
| 106 | @ar | |
| 200 | 1 | @a贝聿铭全集@Abei yu ming quan ji@d= I. M. PEI complete works@f主编 (美) 菲利普·朱迪狄欧, (美) 珍妮特·亚当斯·斯特朗@g译者李佳洁, 郑小东@zeng |
| 210 | @a北京@c电子工业出版社@d2015.04 | |
| 215 | @a367页@c图 (部分彩图)@d28cm | |
| 300 | @a“十二五”国家重点出版规划精品项目 | |
| 306 | @a本书中文简体版专有出版权由Rizzoli International Publications, New York公司, 通过姚氏顾问社授予电子工业出版社 | |
| 330 | @a1983年, 当世界上最著名的建筑师之一 —— 贝聿铭被授予普利兹克奖 (Pritzker Prize) 时, 评审团对这位善用光线、空间和几何图形的大师的评价是:“他创造了本世纪最美丽的内部空间和外部造型。”《贝聿铭全集》是这一评语的最好见证, 本书以他最著名并广受赞誉的卢浮宫作为焦点, 展示了贝聿铭逾50年来一众卓越的雕塑感造型作品。这本全集专注于贝聿铭本人最感兴趣并直接负责的作品, 以更好地展现大师的巨大影响力。 | |
| 500 | 10 | @aI. M. PEI : Complete works@mChinese |
| 586 | @a | |
| 600 | 0 | @a贝聿铭@Abei yu ming@g(Pei, I. M.),@f1917-@x建筑艺术@x研究 |
| 606 | 0 | @a建筑艺术@Ajian zhu yi shu@x研究@y美国@z现代 |
| 690 | @aTU-867.12@v5 | |
| 701 | 1 | @a斯特朗@Asi te lang@g(Strong, Janet Adams),@f1951-@4主编 |
| 701 | 1 | @a朱迪狄欧@Azhu di di ou@g(Jodidio, Philip)@4主编 |
| 702 | 0 | @a李佳洁@Ali jia jie@4译 |
| 702 | 0 | @a郑小东@Azheng xiao dong@4译 |
| 801 | 0 | @aCN@c20150820 |
| 905 | @a河南城建学院图书馆@dTU-867.12@eZ830@f3 | |
| 贝聿铭全集= I. M. PEI complete works/主编 (美) 菲利普·朱迪狄欧, (美) 珍妮特·亚当斯·斯特朗/译者李佳洁, 郑小东.-北京:电子工业出版社,2015.04 |
| 367页:图 (部分彩图);28cm |
| “十二五”国家重点出版规划精品项目 |
| ISBN 978-7-121-20945-1:CNY99.00 |
| 1983年, 当世界上最著名的建筑师之一 —— 贝聿铭被授予普利兹克奖 (Pritzker Prize) 时, 评审团对这位善用光线、空间和几何图形的大师的评价是:“他创造了本世纪最美丽的内部空间和外部造型。”《贝聿铭全集》是这一评语的最好见证, 本书以他最著名并广受赞誉的卢浮宫作为焦点, 展示了贝聿铭逾50年来一众卓越的雕塑感造型作品。这本全集专注于贝聿铭本人最感兴趣并直接负责的作品, 以更好地展现大师的巨大影响力。 |
| ● |
| 相关链接 |
|
|
|
正题名:贝聿铭全集
索取号:TU-867.12/Z830
 
预约/预借
| 序号 | 登录号 | 条形码 | 馆藏地/架位号 | 状态 | 备注 |
| 1 | 1168860 | 211688609 | 建筑库101/101建筑库 21排3列1层/ [索取号:TU-867.12/Z830] | 在馆 | |
| 2 | 1168861 | 211688618 | 建筑库101/101建筑库 21排3列1层/ [索取号:TU-867.12/Z830] | 在馆 | |
| 3 | 1168862 | 211688627 | 建筑库101/101建筑库 21排3列1层/ [索取号:TU-867.12/Z830] | 在馆 |